| 000 | 00702nam a2200217 a 4500 | ||
|---|---|---|---|
| 005 | 20240111063535.0 | ||
| 008 | 080818s1977 mx r 000 0 spa d | ||
| 020 | _a9231014358 | ||
| 035 | _aUPN01000159279 | ||
| 049 | _aUNE | ||
| 080 | _a069 (100) =20 "1980" HUD. | ||
| 100 | 1 | _aHudson, Kenneth | |
| 245 | 1 | 0 |
_aMuseums for the 1980s : _ba survey of world trends / _cby Kenneth Hudson ; with a foreword by Georges Henri Rivière. |
| 260 |
_aParís : _bUNESCO ; _aLondon : _bMacMillan, _c1977. |
||
| 300 |
_ax, 198 p. : _bil., retrs. |
||
| 690 |
_aMuseos _916202 |
||
| 690 | _aColecciones de museos | ||
| 690 | _aPersonal de museos | ||
| 710 | 2 | _aConsejo Internacional de Museos | |
| 905 | _aUNESCO | ||
| 999 |
_c131393 _d131393 |
||